| 000 | 00837nam a22001577a 4500 | ||
|---|---|---|---|
| 003 | OSt | ||
| 005 | 20160517102355.0 | ||
| 008 | 160517b xxu||||| |||| 00| 0 eng d | ||
| 040 | _cRUA | ||
| 082 | _aAGR SOK 2011 B470 Or.1 | ||
| 100 |
_98362 _aSOK RATANAK; សុខ រតនៈ |
||
| 245 | _aEffect of diffrent organic mulching on sweet pepper under plastic house condition in royal university of agriculture; ឥទ្ធិពលគំរបសរីរាង្គផ្សេងៗគ្នាលើការដាំដុះដំណាំម្ទេស ហាវ៉ៃ ក្នុងលក្ខណ្ឌផ្ទះប្លាសស្ទិក នៅសាកលវិទ្យាល័យភូមិន្ទកសិកម្ម | ||
| 260 |
_aPhnom Penh _bRUA _c2011 |
||
| 300 |
_axii;60p. _bill. _c29cm. |
||
| 942 |
_2ddc _cAGR |
||
| 999 |
_c8010 _d8010 |
||